Vista normal
Vista MARC
Entrada Autoridad Autor Personal
Número de registros utilizados en: 1
001 - CONTROL NUMBER
- control field: 32070
003 - CONTROL NUMBER IDENTIFIER
- control field: OSt
005 - DATE AND TIME OF LATEST TRANSACTION
- control field: 20231102145956.0
008 - FIXED-LENGTH DATA ELEMENTS
- fixed length control field: 160525|| aca||aabn | a|a d
040 ## - CATALOGING SOURCE
- Original cataloging agency: OSt
- Transcribing agency: OSt
100 ## - HEADING--PERSONAL NAME
- Personal name: Santillana y Renteria, Raul
- Relator term: , autor.
670 ## - SOURCE DATA FOUND
- Source citation: Work cat.: (OSt)9697: Santillana y Renteria, Raul , autor., Formulario mercantil, , [1991].